Sports Quiz

Random Sports or NBA Quiz

NBA Players Who Wore Uniform Number 2 Quiz Stats

 Plays Quiz not verified by Sporcle

Challenge
Share
Tweet
Score 0/99 Timer 20:00
0 Plays Today
% Correct
Kawhi Leonard
87%
Kevin Garnett
85.5%
John Wall
85.5%
Nate Robinson
84.1%
Kyrie Irving
83.3%
Jason Kidd
80.4%
Derek Fisher
78.3%
Steve Kerr
76.8%
Joe Johnson
76.1%
Shaun Livingston
76.1%
Eric Bledsoe
75.4%
Patrick Beverley
72.5%
Mo Williams
72.5%
Wesley Matthews
71.7%
Jarrett Jack
68.8%
Raymond Felton
65.2%
Steve Blake
65.2%
Goran Dragic
64.5%
Thabo Sefolosha
63%
Moses Malone
63%
Caron Butler
59.4%
Jason Williams
58.7%
Jordan Farmar
58.7%
Alex English
55.8%
Rodney Stuckey
54.3%
Joe Ingles
52.9%
Marvin Williams
50%
Kenyon Martin
49.3%
Landry Fields
47.1%
Anthony Morrow
45.7%
Darren Collison
44.2%
Marcus Morris
42.8%
Josh Childress
41.3%
% Correct
Keith Van Horn
40.6%
Earl Watson
39.1%
Larry Johnson
37%
Wesley Johnson
36.2%
Eddy Curry
35.5%
Langston Galloway
33.3%
Oliver Miller
32.6%
Delonte West
31.2%
Nazr Mohammed
31.2%
Greg Anthony
30.4%
Wayne Ellington
29.7%
Mitch Richmond
29.7%
DeShawn Stevenson
28.3%
Malik Sealy
27.5%
Tim Thomas
27.5%
Brevin Knight
25.4%
Russ Smith
24.6%
Jannero Pargo
23.9%
Stacey Augmon
23.9%
MarShon Brooks
23.2%
Ronnie Price
22.5%
Mickael Pietrus
21%
Jaren Jackson
20.3%
James Johnson
19.6%
Jim Jackson
18.8%
Dajuan Wagner
18.8%
Josh Boone
18.1%
Scott Brooks
17.4%
Juan Carlos Navarro
16.7%
Dan Dickau
16.7%
Garrett Temple
15.2%
Steve Alford
13.8%
Joe Barry Carroll
13%
% Correct
Acie Law
12.3%
Luther Head
12.3%
Sundiata Gaines
12.3%
Elliot Perry
12.3%
Gordan Giricek
11.6%
Maalik Wayns
10.9%
Pooh Richardson
10.9%
Marcus Banks
10.9%
Darius Miller
10.1%
Melvin Ely
10.1%
Junior Bridgeman
10.1%
Mark Bryant
9.4%
Dennis Hopson
9.4%
Josh Selby
8.7%
Randy Livingston
8.7%
Fred Jones
8%
Khalid El-Amin
8%
Vernon Maxwell
7.2%
Voshon Lenard
7.2%
Keith Askins
7.2%
Maurice Taylor
7.2%
Elliot Williams
6.5%
Elias Harris
5.1%
Jamison Brewer
4.3%
Michael Jackson
4.3%
Blake Ahearn
3.6%
Rodney Buford
3.6%
Kenny Carr
2.2%
Rawle Marshall
2.2%
Shawn Respert
2.2%
Dean Oliver
2.2%
James Bailey
1.4%
Brad Sellers
1.4%

You're not logged in!

Compare scores with friends on all Sporcle quizzes.
Join for Free
OR
Log In

You Might Also Like...

Show Comments

Extras

Top Quizzes Today


Score Distribution

Your Account Isn't Verified!

In order to create a playlist on Sporcle, you need to verify the email address you used during registration. Go to your Sporcle Settings to finish the process.

Report this User

Report this user for behavior that violates our Community Guidelines.

Details: